01605nam a2200433 i 450000100060000000300080000600500170001400600190003100700150005000800410006502000180010602000280012403500220015204000310017405000200020508000080022508200120023310000200024524501230026526400470038830000530043533600310048833700330051933800430055249000150059550000230061050400290063358800830066259001620074565000160090765000340092365000370095765000360099465500270103079700180105783000160107585600630109199900170115434840FINmELB20241216221305.0m o d | cr cnu||||||||170521s2015 ag ob 001 0 spa d z9789506418762 a9789506418786q(e-book) a(OCoLC)1009108551 aFINmELBbspaerdacFINmELB 4aHD31bP935 2015 a6580 a6582231 aPress, Eduardo.10aEmociones en empresas de familia :bgestión de las relaciones familiares y la profesionalización /cEduardo Press. 1aBuenos Aires :bEdiciones Granica,c[2015] a1 recurso en línea (121 páginas sin numerar) atextobtxt2rdacontent/spa acomputadorabc2rdamedia/spa arecurso en líneabcr2rdacarrier/spa1 aManagement aContiene índice. aContiene bibliografía. aDescripción basada en metadatos suministrados por el editor y otras fuentes. aRecurso electrónico. Santa Fe, Arg.: elibro, 2020. Disponible vía World Wide Web. El acceso puede estar limitado para las bibliotecas afiliadas a elibro. 0aManagement. 4aAdministración de empresas. 0aFamily corporationsxManagement. 4aEmpresas familiaresxGestión. 4aLibros electrónicos.2 aelibro, Corp. 0aManagement.40uhttps://elibro.net/ereader/politecnicointernacional/113874 c34840d34840